| 000 | 00575nam a2200193Ia 4500 | ||
|---|---|---|---|
| 005 | 20240530110945.0 | ||
| 008 | 140319s1989 xx 000 0 ara d | ||
| 040 |
_aGCL / _cGCL |
||
| 082 | 0 | 4 |
_a922.1 / _bم ح |
| 100 | 1 | _aمحمود شلبى | |
| 245 | 1 | 0 |
_aحياة ابى بكر / _cمحمود شلبى |
| 260 |
_aبيروت : _bدار الجيل، _c1989 |
||
| 300 |
_a168 ص ؛ _c24 سم |
||
| 650 | 0 | 4 | _aالاسلام |
| 650 | 0 | 4 | _aالانبياء |
| 650 | 0 | 4 | _aابى بكر الصديق |
| 942 |
_2ddc _cBK |
||
| 999 |
_c66885 _d66885 |
||